000 00909nam a2200253 i 4500
001 184844
003 ES-MaACL
005 20230906222306.0
008 160204s1985 ag |||| | spa d
020 _a950-9586-01-3
080 _a165.75
080 _a611/612(0:82)
100 1 _aBarker, Francis.
_9158675
245 1 0 _aCuerpo y temblor
_b: un ensayo sobre la sujeción /
_cFrancis Barker ; [traducción, Carlos Gardini].
260 _aBuenos Aires :
_bPer Abbat,
_c[imp.,1985]
300 _a149 p. ;
_c20 cm.
490 1 _aNuevas propuestas. Historia, crítica cultural, antropología
650 0 4 _aEstructuralismo.
_912567
650 4 _aCuerpo humano-
_xEn la literatura.
_9158676
700 1 _aGardini, Carlos.
_955503
830 0 _aNuevas propuestas. Historia, crítica cultural, antropología
_9225140
852 _aES-MaACL
_jL-30200
_z. - Donat. Miguel A. Velasco
999 _c184844
_d184844